TOP10 krajów bez dostępu do morza wdg odległości do morza - Statystyki

Ogólne statystyki
  • Ten quiz został rozwiązany 10 razy
  • Średni wynik to 9 z 10
Statystyki odpowiedzi
Dystans do morza Kontynent Kraj % Poprawnych
650km Azja Mongolia
100%
935km Afryka Burundi
90%
765km Afryka Czad
90%
962km Afryka Rwanda
90%
1588km Azja Kirgistan
80%
760km Afryka Sudan Południowy
80%
1285km Azja Tadżykistan
80%
884km Azja Turkmenistan
80%
1182km Azja Uzbekistan
80%
595km Afryka Zambia
80%
Nie znaleziono quizów pasujących do podanych kryteriów
Rozkład punktacji
Procent ludzi z każdym wynikiem
Percentyl według liczby udzielonych odpowiedzi
Twoja historia wyników
Nie rozwiązałeś tego quizu